[Event "TCh-TUR Super League 2015"]
[Site "Kocaeli TUR"]
[Date "2015.08.06"]
[Round "3.7"]
[Board "3"]
[White "Ali Marandi, Cemil Can"]
[Black "Firat, Burak"]
[Result "1/2-1/2"]
[WhiteTitle "IM"]
[BlackTitle "IM"]
[WhiteElo "2414"]
[BlackElo "2470"]
[WhiteTeam "Hatay Buyuksehir Belediyesi Genclik Sports Club"]
[BlackTeam "Deniz Su Aquamatch Satranc Genclik Ve Sports Club"]
[WhiteFideId "6300529"]
[BlackFideId "6305881"]
[EventDate "2015.08.04"]

1. d4 d5 2. c4 c6 3. Nf3 Nf6 4. e3 a6 5. Bd3 Bg4 6. Nbd2 e6 7. Qc2 Nbd7 8. b3 c5
9. O-O Rc8 10. Bb2 Bh5 11. Rfe1 cxd4 12. exd4 Bb4 13. Bc3 Bxc3 14. Qxc3 dxc4 15.
bxc4 O-O 16. Qb2 Qc7 17. Rab1 b6 18. Rbc1 Rfd8 19. Bf1 Qd6 20. Rc3 Rc7 21. h3
Rdc8 22. Rce3 Bxf3 23. Nxf3 Rb8 24. Ne5 Rd8 25. Rb3 a5 26. Rd3 Qb4 27. Qxb4 axb4
28. Rb3 Ra8 29. Rxb4 Rxa2 30. Nxd7 Nxd7 31. d5 Rca7 32. Rbb1 e5 33. f4 f6 34.
fxe5 fxe5 35. Be2 Rc2 36. Bg4 Raa2 37. Bxd7 1/2-1/2

[Event "TCh-TUR Super League 2015"]
[Site "Kocaeli TUR"]
[Date "2015.08.06"]
[Round "3.7"]
[Board "4"]
[White "Erdogdu, Mert"]
[Black "Gulbas, Cemil"]
[Result "0-1"]
[WhiteTitle "IM"]
[BlackTitle "IM"]
[WhiteElo "2419"]
[BlackElo "2377"]
[WhiteTeam "Deniz Su Aquamatch Satranc Genclik Ve Sports Club"]
[BlackTeam "Hatay Buyuksehir Belediyesi Genclik Sports Club"]
[WhiteFideId "6301495"]
[BlackFideId "201820"]
[EventDate "2015.08.04"]

1. e4 c5 2. Nf3 e6 3. d4 cxd4 4. Nxd4 Nc6 5. Nc3 Qc7 6. Be3 a6 7. Qd2 Nf6 8.
O-O-O Be7 9. f3 O-O 10. g4 b5 11. g5 Ne8 12. Kb1 Bb7 13. h4 Rc8 14. Bd3 Ne5 15.
Qg2 Nc4 16. Bxc4 Qxc4 17. h5 f5 18. exf5 exf5 19. Rhe1 Bb4 20. Rd3 Nc7 21. a3 f4
22. axb4 fxe3 23. Rexe3 a5 24. Nb3 axb4 25. Na5 Qh4 26. Nxb7 bxc3 27. Re4 Qxh5
28. Rxc3 Ne6 29. Rxc8 Rxc8 30. Re5 Nd4 31. Nd6 Rf8 32. f4 Qd1+ 33. Ka2 Nxc2 34.
Qe4 Nb4+ 0-1

[Event "TCh-TUR Super League 2015"]
[Site "Kocaeli TUR"]
[Date "2015.08.06"]
[Round "3.7"]
[Board "6"]
[White "Sanal, Vahap"]
[Black "Buyukasik, Diyap"]
[Result "1-0"]
[WhiteTitle "IM"]
[WhiteElo "2510"]
[BlackElo "2074"]
[WhiteTeam "Deniz Su Aquamatch Satranc Genclik Ve Sports Club"]
[BlackTeam "Hatay Buyuksehir Belediyesi Genclik Sports Club"]
[WhiteFideId "6300545"]
[BlackFideId "6319602"]
[EventDate "2015.08.04"]

1. Nf3 Nf6 2. g3 g6 3. Bg2 Bg7 4. c4 O-O 5. Nc3 c6 6. d4 d5 7. O-O dxc4 8. a4
Na6 9. a5 c5 10. Ra4 Nd5 11. Ne5 cxd4 12. Nxf7 Nxc3 13. Nxd8 Nxd1 14. Bd5+ e6
15. Nxe6 Bxe6 16. Bxe6+ Kh8 17. Rxc4 Rae8 18. Bh3 Rxe2 19. Rxd1 Rexf2 20. Bc8
R2f7 21. Bf4 h6 22. h4 Re8 23. Rdc1 d3 24. b4 Bb2 25. Rd1 Ba3 26. Rxd3 Bxb4 27.
Rd5 Re1+ 28. Kg2 Kh7 29. Rb5 Bd2 30. Bxd2 Re2+ 31. Kh3 Rxd2 32. Rf4 Rc7 33. Rxb7
Kg7 34. Rfb4 Rd8 35. Bg4 h5 36. Rxc7+ Nxc7 37. Bf3 Rd3 38. Be4 Rc3 39. Rb7 Kf6
40. Rxa7 g5 41. Kg2 Rc4 42. Bf3 Rc2+ 43. Kf1 g4 44. Be4 Rc3 45. a6 Ke5 46. Bg6
Rc6 47. Bxh5 Kf5 48. Ke2 Rc2+ 49. Kd3 Rc6 50. Kd2 Rd6+ 51. Ke2 Rc6 52. Rb7 Nxa6
53. Rf7+ Ke5 54. Bxg4 Nc5 55. Rf5+ Ke4 56. Rg5 Kd4 57. Bf5 Na4 58. Rg4+ Ke5 59.
Rxa4 Kxf5 60. Kf3 Rc3+ 61. Kg2 Rc2+ 62. Kh3 Rc3 63. Rf4+ Kg6 64. Kg4 Rc6 65. h5+
Kh6 66. Kh4 Rd6 67. g4 Ra6 68. g5+ Kg7 69. Kg4 Rb6 70. Rc4 Rb7 71. h6+ Kh7 72.
Kh5 Rb5 73. Rc7+ Kg8 74. Rg7+ Kh8 75. Re7 Kg8 76. Kg6 Rb8 77. Kf6 Rf8+ 78. Ke5
Rf1 79. Rd7 Kh8 80. Ke6 Kg8 81. g6 Re1+ 82. Kf6 Rf1+ 83. Ke7 Re1+ 84. Kf6 Rf1+
85. Ke5 Re1+ 86. Kf4 Rf1+ 87. Ke3 Re1+ 88. Kf2 Re8 89. Rf7 Ra8 90. Kg3 Ra3+ 91.
Kg4 Ra4+ 92. Kg5 Ra5+ 93. Rf5 1-0

[Event "TCh-TUR Super League 2015"]
[Site "Kocaeli TUR"]
[Date "2015.08.06"]
[Round "3.7"]
[Board "7"]
[White "Temizkan, Denizcan"]
[Black "Tuncer, Tuna"]
[Result "0-1"]
[WhiteTitle "FM"]
[WhiteElo "1906"]
[BlackElo "2175"]
[WhiteTeam "Hatay Buyuksehir Belediyesi Genclik Sports Club"]
[BlackTeam "Deniz Su Aquamatch Satranc Genclik Ve Sports Club"]
[WhiteFideId "6325157"]
[BlackFideId "6349269"]
[EventDate "2015.08.04"]

1. d4 Nf6 2. c4 g6 3. Nc3 d5 4. cxd5 Nxd5 5. e4 Nxc3 6. bxc3 Bg7 7. Bc4 c5 8.
Ne2 O-O 9. O-O Nc6 10. Be3 Na5 11. Bd3 e5 12. dxc5 Be6 13. Nc1 Qc7 14. Qa4 Rfd8
15. Bb5 Bf8 16. Nb3 Nxb3 17. axb3 Bxc5 18. Bg5 Be7 19. Bxe7 Qxe7 20. Rac1 a6 21.
Be2 Rd2 22. Rfe1 Rad8 23. c4 Qg5 24. Qa1 Bh3 25. g3 Qf6 26. Rc3 Bg4 27. f3 Bh3
28. Qb1 Qd6 29. Bf1 Qd4+ 30. Rce3 Rd1 31. Qxd1 Qxe3+ 0-1

[Event "TCh-TUR Super League 2015"]
[Site "Kocaeli TUR"]
[Date "2015.08.06"]
[Round "3.7"]
[Board "8"]
[White "Aksoy, Ayca"]
[Black "Celik, Eda"]
[Result "0-1"]
[WhiteElo "1758"]
[BlackElo "1656"]
[WhiteTeam "Kayseri Seker Sports Club"]
[BlackTeam "Pamukkale Yonetimi Bilisim Sistemleri Zeka"]
[WhiteFideId "6355978"]
[BlackFideId "6351727"]
[EventDate "2015.08.04"]

1. e4 c5 2. Nf3 d6 3. d4 cxd4 4. Nxd4 Nf6 5. Nc3 g6 6. Be3 Bg7 7. f3 O-O 8. Qd2
Nc6 9. Bc4 Bd7 10. h4 h5 11. O-O-O Rc8 12. Bb3 Ne5 13. Bg5 Rc5 14. Kb1 Re8 15.
Bxf6 Bxf6 16. g4 hxg4 17. h5 g5 18. f4 gxf4 19. Qxf4 e6 20. Rdf1 Bg5 21. Qg3 b5
22. h6 Kh7 23. Nce2 b4 24. Nc1 Bxc1 25. Rxc1 a5 26. c3 bxc3 27. Rxc3 Rxc3 28.
Qxc3 Qb6 29. Qd2 Rg8 30. Rg1 a4 31. Bd1 Bc6 32. Bc2 Bd7 33. Bd1 Bb5 34. Bc2 Bd3
35. Qc3 Bxc2+ 36. Kxc2 Qb7 37. Kb1 Qxe4+ 38. Nc2 Qf3 39. Qd4 Qd5 40. Qf4 Qc4 41.
Qf6 Qc7 42. Ne3 Rg6 43. Qf4 Qa7 44. Rg2 f5 45. Qg3 Rxh6 46. Rh2 Rxh2 47. Qxh2+
Kg6 48. Qg3 Qd4 0-1

[Event "TCh-TUR Super League 2015"]
[Site "Kocaeli TUR"]
[Date "2015.08.07"]
[Round "4.1"]
[Board "2"]
[White "Esen, Baris"]
[Black "Fedorchuk, Sergey A."]
[Result "1-0"]
[WhiteTitle "GM"]
[BlackTitle "GM"]
[WhiteElo "2567"]
[BlackElo "2653"]
[WhiteTeam "Deniz Su Aquamatch Satranc Genclik Ve Sports Club"]
[BlackTeam "Kayseri Seker Sports Club"]
[WhiteFideId "6302114"]
[BlackFideId "14102536"]
[EventDate "2015.08.04"]

1. d4 Nf6 2. c4 e6 3. Nf3 b6 4. a3 Bb7 5. Nc3 d5 6. cxd5 Nxd5 7. Qc2 Be7 8. e4
Nxc3 9. bxc3 O-O 10. Bd3 c5 11. O-O h6 12. Qe2 Nc6 13. Bb2 Na5 14. Rad1 Rc8 15.
Ne5 Bd6 16. Ng4 cxd4 17. cxd4 Bf4 18. g3 Bg5 19. h4 Be7 20. d5 f5 21. dxe6 Bxh4
22. exf5 Qd5 23. f3 Bxg3 24. f6 Qg5 25. e7 gxf6 26. Qe6+ Rf7 27. Nxf6+ 1-0

[Event "TCh-TUR Super League 2015"]
[Site "Kocaeli TUR"]
[Date "2015.08.07"]
[Round "4.1"]
[Board "3"]
[White "Kanmazalp, Ogulcan"]
[Black "Firat, Burak"]
[Result "1/2-1/2"]
[WhiteTitle "IM"]
[BlackTitle "IM"]
[WhiteElo "2468"]
[BlackElo "2470"]
[WhiteTeam "Kayseri Seker Sports Club"]
[BlackTeam "Deniz Su Aquamatch Satranc Genclik Ve Sports Club"]
[WhiteFideId "6304990"]
[BlackFideId "6305881"]
[EventDate "2015.08.04"]

1. e4 c5 2. Nf3 Nc6 3. d4 cxd4 4. Nxd4 Nf6 5. Nc3 e5 6. Ndb5 d6 7. Bg5 a6 8. Na3
b5 9. Bxf6 gxf6 10. Nd5 f5 11. Bd3 Be6 12. O-O Bxd5 13. exd5 Ne7 14. c3 Bg7 15.
Qh5 e4 16. Bc2 O-O 17. Rae1 Qc8 18. Bb3 a5 19. Qg5 Qb7 20. f3 h6 21. Qg3 a4 22.
Bc2 b4 23. Nc4 Qxd5 24. fxe4 Qxc4 25. exf5 Nd5 26. f6 Nxf6 27. Rxf6 Rae8 28.
Ref1 bxc3 29. Rxh6 Qd4+ 30. Kh1 Qe3 31. Qxe3 Rxe3 32. Bh7+ Kh8 33. Rh5 cxb2 34.
Bc2+ Kg8 35. Bh7+ Kh8 36. Bc2+ 1/2-1/2

[Event "TCh-TUR Super League 2015"]
[Site "Kocaeli TUR"]
[Date "2015.08.07"]
[Round "4.1"]
[Board "4"]
[White "Erdogdu, Mert"]
[Black "Yilmazyerli, Mert"]
[Result "1/2-1/2"]
[WhiteTitle "IM"]
[BlackTitle "IM"]
[WhiteElo "2419"]
[BlackElo "2450"]
[WhiteTeam "Deniz Su Aquamatch Satranc Genclik Ve Sports Club"]
[BlackTeam "Kayseri Seker Sports Club"]
[WhiteFideId "6301495"]
[BlackFideId "6305962"]
[EventDate "2015.08.04"]

1. e4 g6 2. d4 Bg7 3. Nc3 d6 4. Be3 a6 5. f4 b5 6. Bd3 Bb7 7. Nf3 Nd7 8. e5 c5
9. Be4 Bxe4 10. Nxe4 Nh6 11. dxc5 dxe5 12. Qe2 Qc7 13. fxe5 Nxe5 14. O-O-O Nf5
15. Bf2 O-O 16. c3 Ng4 17. Bg1 Rfd8 18. Nfd2 Ne5 19. g4 Nh6 20. h3 b4 21. Bd4
bxc3 22. Bxc3 Nd3+ 23. Kb1 Bxc3 24. Nxc3 Nxc5 1/2-1/2

[Event "TCh-TUR Super League 2015"]
[Site "Kocaeli TUR"]
[Date "2015.08.07"]
[Round "4.1"]
[Board "5"]
[White "Atalik, Ekaterina"]
[Black "Dzagnidze, Nana"]
[Result "1/2-1/2"]
[WhiteTitle "IM"]
[BlackTitle "GM"]
[WhiteElo "2382"]
[BlackElo "2573"]
[WhiteTeam "Kayseri Seker Sports Club"]
[BlackTeam "Deniz Su Aquamatch Satranc Genclik Ve Sports Club"]
[WhiteFideId "4130189"]
[BlackFideId "13601903"]
[EventDate "2015.08.04"]

1. d4 Nf6 2. c4 e6 3. Nc3 Bb4 4. Qc2 O-O 5. Nf3 c5 6. dxc5 Na6 7. g3 Nxc5 8. Bg2
Nce4 9. O-O Bxc3 10. bxc3 d5 11. cxd5 exd5 12. c4 Qc7 13. Ba3 Rd8 14. Rac1 dxc4
15. Qxc4 Qxc4 16. Rxc4 Be6 17. Rc7 Rab8 18. Be7 Rdc8 19. Rxc8+ Rxc8 20. Nd4 b6
21. a3 Rc7 22. Bxf6 Nxf6 23. Nb5 Rc2 24. Nxa7 Rxe2 25. Nb5 Ra2 26. Rd1 Kf8 27.
h3 Ke7 28. Nd4 Nd7 29. Nc6+ Kf6 30. Rd3 Ne5 31. Rc3 Nxc6 32. Rxc6 Rxa3 1/2-1/2

[Event "TCh-TUR Super League 2015"]
[Site "Kocaeli TUR"]
[Date "2015.08.07"]
[Round "4.1"]
[Board "6"]
[White "Sanal, Vahap"]
[Black "Yurtseven, Melih"]
[Result "1-0"]
[WhiteTitle "IM"]
[BlackTitle "FM"]
[WhiteElo "2510"]
[BlackElo "2299"]
[WhiteTeam "Deniz Su Aquamatch Satranc Genclik Ve Sports Club"]
[BlackTeam "Kayseri Seker Sports Club"]
[WhiteFideId "6300545"]
[BlackFideId "6312160"]
[EventDate "2015.08.04"]

1. Nf3 g6 2. e4 Bg7 3. d4 d6 4. Bd3 Nf6 5. c3 O-O 6. O-O Nc6 7. Be3 e5 8. Nbd2
h6 9. h3 Nd7 10. Re1 exd4 11. cxd4 Nb4 12. Bf1 c5 13. d5 Kh7 14. a3 Na6 15. Qc2
Rb8 16. Bf4 Qf6 17. Bg3 Re8 18. Rab1 Qe7 19. b4 cxb4 20. Bxa6 bxa6 21. Qc7 Rb7
22. Qxd6 bxa3 23. Qxe7 Rxe7 24. Rbc1 Re8 25. Nc4 Bf8 26. Nd6 Bxd6 27. Bxd6 a2
28. Nd2 Rb2 29. Red1 f5 30. Ba3 Rb1 31. Rxb1 axb1=Q 32. Rxb1 fxe4 33. Nc4 Nb6
34. Nxb6 axb6 35. Rxb6 e3 36. fxe3 Rxe3 37. Bb2 g5 38. Rc6 Bf5 39. Rc7+ Kg8 40.
g4 Bd3 41. d6 Bb5 42. d7 Bxd7 43. Rxd7 Rxh3 44. Kg2 Rh4 45. Kg3 h5 46. gxh5 Rxh5
47. Kg4 Rh7 48. Rd8+ Kf7 49. Kf5 g4 50. Bf6 g3 51. Rd7+ Kg8 52. Rd3 Kf7 53. Rxg3
a5 54. Rc3 a4 55. Rc7+ Kg8 56. Rc8+ Kf7 57. Ra8 a3 58. Bg5 a2 59. Rxa2 Rg7 60.
Ra7+ Kg8 61. Be7 Rf7+ 62. Ke6 Rf2 63. Bf6 Re2+ 64. Be5 Re1 65. Rg7+ Kf8 66. Rg2
Re4 67. Rb2 1-0

[Event "TCh-TUR Super League 2015"]
[Site "Kocaeli TUR"]
[Date "2015.08.07"]
[Round "4.1"]
[Board "7"]
[White "Ozen, Deniz"]
[Black "Tuncer, Tuna"]
[Result "0-1"]
[WhiteTitle "FM"]
[WhiteElo "2066"]
[BlackElo "2175"]
[WhiteTeam "Kayseri Seker Sports Club"]
[BlackTeam "Deniz Su Aquamatch Satranc Genclik Ve Sports Club"]
[WhiteFideId "6349196"]
[BlackFideId "6349269"]
[EventDate "2015.08.04"]

1. e4 c5 2. Nf3 e6 3. c3 Nf6 4. e5 Nd5 5. d4 cxd4 6. cxd4 d6 7. Bd2 Bd7 8. Nc3
Bc6 9. a3 Nd7 10. Bd3 Nxc3 11. Bxc3 dxe5 12. dxe5 Nc5 13. Bc2 Qxd1+ 14. Rxd1 Na4
15. Bd4 Be7 16. O-O O-O 17. b3 Nb6 18. Bb2 Rac8 19. Nd4 Bd5 20. Rfe1 Rc7 21. Be4
Bxe4 22. Rxe4 Rd8 23. Re2 Bc5 24. Rc2 Bxa3 25. Rxc7 Bxb2 26. Rxb7 h6 27. Rxa7
Rxd4 28. Rxd4 Bxd4 29. Ra5 Nd5 30. Kf1 Bxe5 31. b4 g5 32. b5 Bd4 33. Ke2 Nc7 34.
h4 Bb6 35. Ra4 Nxb5 36. Ra8+ Kg7 37. hxg5 hxg5 38. Rb8 Nc3+ 39. Kf3 Nd5 40. Kg4
Kf6 41. f3 Be3 42. Rh8 Bf4 43. g3 Ne3+ 44. Kh3 Be5 45. Ra8 Nf5 46. g4 Nh4 47.
Ra3 Kg6 48. Re3 f6 49. Ra3 Kh6 50. Rb3 Ng6 51. Kg2 Nf4+ 52. Kf2 Bd4+ 53. Kg3 Kg6
54. Rb7 f5 55. gxf5+ exf5 56. Kh2 Kf6 57. Rd7 Bf2 58. Rd8 Bc5 59. Kg3 Ke6 60.
Re8+ Be7 61. Ra8 Nd5 62. Kg2 Ke5 63. Kg3 Bd6 64. Rg8 Kd4+ 65. Kf2 Be7 66. Rg7
Ke5 67. Kg3 Bb4 68. Rxg5 Be1+ 69. Kh3 Kf4 70. Rg8 Ne3 71. Rg3 Nd5 72. Rg8 Kxf3
73. Rg3+ Kf2 74. Rb3 Ne3 75. Kh4 f4 76. Ra3 Ke2+ 77. Kg5 f3 78. Ra7 f2 79. Rf7
f1=Q 80. Rxf1 Kxf1 81. Kf4 Ke2 82. Ke5 Kd3 83. Kd6 Bb4+ 84. Ke5 Bc5 85. Kf4 Bd4
86. Kf3 Nd5 87. Kg2 Ke3 88. Kg3 Nf6 89. Kg2 Bc3 90. Kg3 Be1+ 91. Kg2 Ke2 92. Kg1
Kf3 93. Kh2 Ne4 94. Kh3 Bf2 95. Kh2 Bg3+ 96. Kh1 Nf2+ 97. Kg1 Bf4 98. Kf1 Bh2
99. Ke1 Ne4 100. Kd1 Ke3 101. Kc2 Nd2 102. Kc3 Bd6 103. Kc2 Bb4 104. Kd1 Nb3
105. Kc2 Nd4+ 106. Kd1 Kd3 107. Kc1 Ke2 108. Kb1 Kd1 109. Kb2 Kd2 110. Kb1 Ba3
111. Ka2 Bc1 112. Kb1 Nb5 113. Ka2 Kc2 0-1

[Event "TCh-TUR Super League 2015"]
[Site "Kocaeli TUR"]
[Date "2015.08.07"]
[Round "4.1"]
[Board "8"]
[White "Menzi, Nezihe Ezgi"]
[Black "Aksoy, Ayca"]
[Result "1-0"]
[WhiteTitle "WFM"]
[WhiteElo "1913"]
[BlackElo "1758"]
[WhiteTeam "Deniz Su Aquamatch Satranc Genclik Ve Sports Club"]
[BlackTeam "Kayseri Seker Sports Club"]
[WhiteFideId "6310060"]
[BlackFideId "6355978"]
[EventDate "2015.08.04"]

1. e4 c5 2. c3 d5 3. exd5 Qxd5 4. d4 Nf6 5. Nf3 Nc6 6. Be3 cxd4 7. cxd4 e6 8.
Nc3 Qd6 9. a3 Be7 10. Bd3 O-O 11. O-O b6 12. Qe2 Bb7 13. Rad1 Rac8 14. Bb1 Rfd8
15. Rfe1 Qb8 16. Bg5 Ba8 17. d5 exd5 18. Bxf6 Bxf6 19. Nxd5 Rxd5 20. Rxd5 Nd4
21. Rxd4 Bxf3 22. Qd3 g6 23. gxf3 Bxd4 24. Qxd4 Qb7 25. Qe4 Qd7 26. Ba2 Rf8 27.
Qd5 Qc7 28. Kg2 a6 29. Qe5 Qc6 30. Bd5 Qc5 31. b4 Qb5 32. Rc1 Qa4 33. Qf6 Qd7
34. Bb3 Qb7 35. Re1 Qd7 36. Re7 1-0

[Event "TCh-TUR Super League 2015"]
[Site "Kocaeli TUR"]
[Date "2015.08.07"]
[Round "4.2"]
[Board "1"]
[White "Annaberdiev, Meilis"]
[Black "Yilmaz, Mustafa"]
[Result "1/2-1/2"]
[WhiteTitle "IM"]
[BlackTitle "GM"]
[WhiteElo "2417"]
[BlackElo "2582"]
[WhiteTeam "Akdeniz Belediyesi Sports Club"]
[BlackTeam "Hatay Buyuksehir Belediyesi Genclik Sports Club"]
[WhiteFideId "14000563"]
[BlackFideId "6302718"]
[EventDate "2015.08.04"]

1. e4 c5 2. Nf3 e6 3. d4 cxd4 4. Nxd4 Nc6 5. Nc3 Qc7 6. g3 a6 7. Bg2 h5 8. O-O
h4 9. Re1 hxg3 10. hxg3 d6 11. Nxc6 bxc6 12. Na4 Bb7 13. c4 c5 14. Bf4 Nf6 15.
a3 Nd7 16. b4 Be7 17. bxc5 Nxc5 18. Nxc5 Qxc5 19. Be3 Qc7 20. Rb1 O-O 21. Qh5
Rfb8 22. Bf3 Bf6 23. Kg2 g6 24. Qh3 e5 25. Rh1 Kf8 26. Rbc1 Rc8 27. c5 Qe7 28.
cxd6 Qxd6 29. Rcd1 Qe6 30. Qxe6 fxe6 31. Rh7 Bc6 32. Rdh1 Kg8 33. R7h6 Kf7 34.
Rh7+ Kg8 35. R7h6 Kf7 36. Rh7+ 1/2-1/2

[Event "TCh-TUR Super League 2015"]
[Site "Kocaeli TUR"]
[Date "2015.08.07"]
[Round "4.2"]
[Board "2"]
[White "Amonatov, Farrukh"]
[Black "Annaberdiyev, Babageldi"]
[Result "1-0"]
[WhiteTitle "GM"]
[BlackTitle "FM"]
[WhiteElo "2592"]
[BlackElo "2234"]
[WhiteTeam "Hatay Buyuksehir Belediyesi Genclik Sports Club"]
[BlackTeam "Akdeniz Belediyesi Sports Club"]
[WhiteFideId "14700077"]
[BlackFideId "14000385"]
[EventDate "2015.08.04"]

1. e4 c5 2. Nf3 d6 3. d4 cxd4 4. Nxd4 Nf6 5. Nc3 g6 6. Be3 Bg7 7. f3 O-O 8. Qd2
Nc6 9. Bc4 Ne5 10. Bb3 Bd7 11. h4 h5 12. O-O-O Rc8 13. Bg5 Rc5 14. Kb1 Re8 15.
Rhe1 Qa5 16. f4 Nc4 17. Bxc4 Rxc4 18. Nb3 Qa6 19. e5 Nh7 20. exd6 Bxc3 21. bxc3
Nxg5 22. hxg5 exd6 23. Rxe8+ Bxe8 24. g3 Rc7 25. Kb2 Qc4 26. Qe3 Qc6 27. Rd3 Bd7
28. Qd2 Qe4 29. Rxd6 Be8 30. Rd8 Qe7 31. Qd4 Kh7 32. Nd2 Rd7 33. Rxd7 Qxd7 34.
Ne4 Qb5+ 35. Qb4 Qxb4+ 36. cxb4 Bc6 37. Nd6 Kg7 38. c4 Kf8 39. b5 Bg2 40. c5 Ke7
41. Nc8+ Ke6 42. Nxa7 Kf5 43. b6 Kg4 44. c6 Kxg3 45. c7 Bh3 46. a4 Bf5 47. a5 h4
48. a6 h3 49. axb7 h2 50. c8=Q h1=Q 51. Qc3+ Kg4 52. b8=Q Qg2+ 53. Ka3 Be6 54.
Qbe5 Qa2+ 55. Kb4 1-0

[Event "TCh-TUR Super League 2015"]
[Site "Kocaeli TUR"]
[Date "2015.08.07"]
[Round "4.2"]
[Board "3"]
[White "Dogan, Nazmi Can"]
[Black "Ali Marandi, Cemil Can"]
[Result "0-1"]
[BlackTitle "IM"]
[WhiteElo "2213"]
[BlackElo "2414"]
[WhiteTeam "Akdeniz Belediyesi Sports Club"]
[BlackTeam "Hatay Buyuksehir Belediyesi Genclik Sports Club"]
[WhiteFideId "6309658"]
[BlackFideId "6300529"]
[EventDate "2015.08.04"]

1. e4 e5 2. Nf3 Nc6 3. Bc4 Bc5 4. d3 Nf6 5. O-O O-O 6. Bb3 h6 7. Re1 Re8 8. c3
Bf8 9. Nbd2 a5 10. d4 d6 11. h3 Nb8 12. a3 c6 13. Bc2 Nbd7 14. Nf1 b5 15. Ng3
Bb7 16. Be3 Qc7 17. dxe5 dxe5 18. Nh2 g6 19. Qf3 h5 20. Rad1 Bg7 21. Rd2 Nf8 22.
Bc5 Ne6 23. Bd6 Qb6 24. Bxe5 Ng5 25. Qf4 Rxe5 26. Qxe5 Nfxe4 27. Qf4 Nxd2 28.
Qxg5 Qd8 29. Qf4 Nc4 30. Bb3 Qd2 31. Qxd2 Nxd2 32. Re7 Nxb3 33. Rxb7 a4 34. Nf3
Na5 35. Rc7 Nc4 36. Rxc6 Nxb2 37. Nd2 Bf8 38. Ne2 Bxa3 39. Nd4 Bf8 40. Nxb5 a3
41. Nxa3 Rxa3 42. g4 hxg4 43. hxg4 Nd3 44. Rc8 Kg7 45. Ne4 Ne5 46. g5 Ra4 47. c4
Rxc4 48. Rxc4 Nxc4 49. Kg2 Be7 50. f4 Nd6 51. Nc3 Nf5 52. Kf3 Bd6 53. Nd5 Kf8
54. Ke4 Ke8 55. Nf6+ Ke7 56. Ng4 Ng3+ 57. Kf3 Nh5 58. f5 gxf5 59. Ne3 Ke6 60.
Nc2 Ke5 61. Ne3 Be7 62. Nc4+ Ke6 0-1

[Event "TCh-TUR Super League 2015"]
[Site "Kocaeli TUR"]
[Date "2015.08.07"]
[Round "4.2"]
[Board "4"]
[White "Gulbas, Cemil"]
[Black "Kilic, Ihsan"]
[Result "1-0"]
[WhiteTitle "IM"]
[WhiteElo "2377"]
[BlackElo "2025"]
[WhiteTeam "Hatay Buyuksehir Belediyesi Genclik Sports Club"]
[BlackTeam "Akdeniz Belediyesi Sports Club"]
[WhiteFideId "201820"]
[BlackFideId "6305334"]
[EventDate "2015.08.04"]

1. e4 e5 2. Nf3 Nf6 3. Nxe5 d6 4. Nf3 Nxe4 5. Nc3 Nxc3 6. dxc3 Be7 7. Be3 Nc6 8.
Qd2 Be6 9. O-O-O Qd7 10. Kb1 a6 11. Nd4 Nxd4 12. cxd4 d5 13. Bg5 O-O-O 14. Bd3
h6 15. Bxe7 Qxe7 16. Rde1 Qd6 17. Re5 Kb8 18. Rhe1 Rc8 19. Qe3 Ka8 20. f4 Bd7
21. Qg3 g6 22. a3 h5 23. Qf3 c6 24. g3 Rcf8 25. R1e3 Bc8 26. Qe2 Ka7 27. Qe1 Bd7
28. h4 Rhg8 29. Re7 f6 30. Qe2 Bg4 31. Qe1 Bd7 32. a4 g5 33. fxg5 fxg5 34. a5
gxh4 35. gxh4 Rg4 36. Qc3 Rc8 37. Qb3 Rc7 38. Qb6+ Kb8 39. Bxa6 Bc8 40. Re8 Rxh4
41. Bd3 Rf4 42. a6 Rff7 43. Rh8 Rfe7 44. Bf5 Qf6 45. Rxe7 Qxe7 46. Bxc8 1-0

[Event "TCh-TUR Super League 2015"]
[Site "Kocaeli TUR"]
[Date "2015.08.07"]
[Round "4.2"]
[Board "5"]
[White "Yordanova, Svetla"]
[Black "Altinoz, Fevziye Ece"]
[Result "1-0"]
[WhiteTitle "WIM"]
[WhiteElo "2131"]
[BlackElo "1543"]
[WhiteTeam "Akdeniz Belediyesi Sports Club"]
[BlackTeam "Hatay Buyuksehir Belediyesi Genclik Sports Club"]
[WhiteFideId "2905108"]
[BlackFideId "6358942"]
[EventDate "2015.08.04"]

1. d4 Nf6 2. c4 g6 3. f3 Bg7 4. e4 d6 5. Nc3 O-O 6. Be3 Nc6 7. Nge2 a6 8. Rc1 e5
9. d5 Ne7 10. g4 c6 11. Qd2 cxd5 12. cxd5 Bd7 13. Ng3 b5 14. Bd3 Nc8 15. h4 Nb6
16. h5 Rc8 17. Bh6 Bxh6 18. Qxh6 Qe7 19. Qe3 Nc4 20. Bxc4 Rxc4 21. O-O Kh8 22.
h6 Ng8 23. b3 Rcc8 24. g5 f6 25. gxf6 Qxf6 26. Kg2 g5 27. Rh1 Qf4 28. Qxf4 gxf4
29. Nh5 Be8 30. Ng7 Bd7 31. Ne6 Bxe6 32. dxe6 Rce8 33. Nd5 Rxe6 34. Nc7 Rg6+ 35.
Kf2 Nxh6 36. Nxa6 d5 37. Nc5 dxe4 38. Nxe4 Rfg8 39. Rh2 Ra6 40. a4 bxa4 41. bxa4
Nf5 42. Rc7 h6 43. Rh5 Rf8 44. Nc5 Raa8 45. Ke1 Rae8 46. a5 Kg8 47. a6 Rf7 48.
Rxf7 Kxf7 49. Rxf5+ Kg6 50. Ne4 Re6 51. Rf6+ 1-0

[Event "TCh-TUR Super League 2015"]
[Site "Kocaeli TUR"]
[Date "2015.08.07"]
[Round "4.2"]
[Board "6"]
[White "Buyukasik, Diyap"]
[Black "Ozer, Omer Faruk"]
[Result "1/2-1/2"]
[WhiteElo "2074"]
[BlackElo "2067"]
[WhiteTeam "Hatay Buyuksehir Belediyesi Genclik Sports Club"]
[BlackTeam "Akdeniz Belediyesi Sports Club"]
[WhiteFideId "6319602"]
[BlackFideId "6354564"]
[EventDate "2015.08.04"]

1. d4 Nf6 2. Nf3 g6 3. g3 Bg7 4. Bg2 O-O 5. O-O d6 6. Re1 c5 7. e4 cxd4 8. Nxd4
Bg4 9. f3 Bd7 10. Be3 Nc6 11. c3 Ne5 12. Qe2 Qc8 13. Na3 Re8 14. Qf1 h5 15. h3
h4 16. g4 Nh7 17. f4 Nc6 18. Qf2 Nxd4 19. cxd4 b5 20. Rec1 Qa6 21. Qxh4 Rac8 22.
Rxc8 Rxc8 23. Qe1 Qa4 24. e5 b4 25. Nc4 b3 26. axb3 Qxb3 27. Rxa7 Nf8 28. exd6
exd6 29. Nxd6 Rc2 30. Be4 Bc6 31. Bxc6 Rxc6 32. Nxf7 Qxb2 33. Ne5 Rc2 34. Qf1
Qc3 35. Qc4+ Qxc4 36. Nxc4 Rxc4 37. Kf2 Bxd4 38. Bxd4 Rxd4 39. Ke3 Rb4 40. h4
Ne6 41. f5 gxf5 42. gxf5 Ng7 43. f6 Nf5+ 44. Kf3 Nxh4+ 45. Kg3 Nf5+ 46. Kf3 Rb6
47. Kf4 Rxf6 48. Kg5 Rf8 49. Rd7 Ng7 50. Kg6 Ne6 51. Ra7 Nf4+ 52. Kh6 Rf5 53.
Ra5 Rf6+ 54. Kg5 Rf7 55. Rf5 Ne6+ 56. Kg6 Nf8+ 57. Kg5 Nh7+ 58. Kf4 Ra7 59. Rb5
Kf7 60. Rf5+ Kg6 61. Rb5 Nf6 62. Rc5 Ra4+ 63. Kf3 Rd4 64. Ra5 Nd5 65. Ra8 Kf5
66. Rf8+ Nf6 67. Ke3 Rd7 68. Ra8 Ng4+ 69. Kf3 Ne5+ 70. Ke3 Rd3+ 71. Ke2 Rh3 72.
Ra5 Ke6 73. Ra8 Kd5 74. Ra5+ Kd4 75. Ra4+ Nc4 76. Ra8 Rh2+ 77. Kf3 Ne5+ 78. Kg3
Re2 79. Ra4+ Kd5 80. Ra5+ Ke4 81. Ra4+ Kf5 82. Ra3 Re4 83. Ra8 Re3+ 84. Kg2 Re2+
85. Kg3 Re3+ 86. Kg2 Ng6 87. Kf2 Rb3 88. Ke2 Ke5 1/2-1/2